Sports Quiz

Random Sports or Cricket Quiz
Score 0/120 Timer 12:00
0 Plays Today
Hint Player % Correct
D1 Run ScorersDP Sibley
91.4%
D1 Batting AverageDP Sibley
91.2%
Highest ScoresDP Sibley
91.2%
Highest ScoresDP Sibley
91.2%
D1 Run ScorersSir AN Cook
90.5%
D1 Batting AverageSir AN Cook
90.5%
Best Match FiguresSJ Cook
90.5%
D1 Wicket TakersSR Harmer
84.3%
D1 Bowling AverageSR Harmer
84.3%
Best Match FiguresSR Harmer
84.3%
Best Match FiguresSR Harmer
84.3%
D1 Run ScorersGS Ballance
83.6%
D1 Batting AverageGS Ballance
83.6%
D1 Run ScorersA Lyth
81%
Most Catches (Outfielder)A Lyth
81%
D1 Batting AverageJE Root
78.8%
D1 Wicket TakersKJ Abbott
75.7%
D1 Bowling AverageKJ Abbott
75.7%
Best Match FiguresKJ Abbott
75.7%
D1 Run ScorersDJ Bell-Drummond
74.5%
D1 Batting AverageOJ Pope
74.3%
Highest ScoresOJ Pope
74.3%
D1 Bowling AverageMJ Leach
73.1%
D1 Wicket TakersDI Stevens
72.9%
D1 Bowling AverageDI Stevens
72.9%
Highest ScoresDI Stevens
72.9%
D1 Wicket TakersJS Patel
72.1%
Best Match FiguresJS Patel
72.1%
D1 Run ScorersZ Crawley
71.7%
D1 Wicket TakersJA Porter
71.2%
D1 Run ScorersSA Northeast
69.5%
D1 Batting AverageSA Northeast
69.5%
D1 Bowling AverageJ Overton
67.9%
Most Dismissals (WK)BT Foakes
66%
D2 Run ScorersDJ Vilas
65.2%
D2 Batting AverageDJ Vilas
65.2%
Highest ScoresDJ Vilas
65.2%
Most Dismissals (WK)DJ Vilas
65.2%
D2 Run ScorersDJ Malan
64.5%
D2 Batting AverageDJ Malan
64.5%
Hint Player % Correct
Highest ScoresDJ Malan
64.5%
Most Catches (Outfielder)DJ Malan
64.5%
Most Dismissals (WK)BC Brown
64.3%
D1 Run ScorersT Westley
62.1%
D1 Batting AverageJL Denly
60.2%
D2 Wicket TakersC Rushworth
59.3%
D2 Bowling AverageC Rushworth
59.3%
Most Dismissals (WK)SM Davies
58.8%
D2 Wicket TakersOE Robinson
58.6%
D2 Bowling AverageOE Robinson
58.6%
Most Dismissals (WK)OG Robinson
58.6%
D2 Run ScorersM Labuschagne
58.3%
D2 Batting AverageM Labuschagne
58.3%
D2 Bowling AverageJM Anderson
57.6%
D1 Wicket TakersL Gregory
57.1%
D1 Bowling AverageL Gregory
57.1%
Best Match FiguresL Gregory
57.1%
D1 Run ScorersSR Hain
55%
D1 Batting AverageSR Hain
55%
D1 Batting AverageSW Billings
52.6%
Highest ScoresWL Madsen
51%
Most Catches (Outfielder)WL Madsen
51%
Most Catches (Outfielder)R Clarke
50.2%
Most Dismissals (WK)TR Ambrose
49.8%
Most Catches (Outfielder)JC Hildreth & KK Jennings
49.8%
D2 Run ScorersCDJ Dent
49%
D2 Batting AverageCDJ Dent
49%
D2 Run ScorersBA Godleman
48.6%
Highest ScoresBA Godleman
48.6%
D1 Wicket TakersFH Edwards
47.6%
Most Dismissals (WK)OB Cox
47.6%
Most Dismissals (WK)JA Tattersall & JA Simpson
47.1%
D2 Run ScorersSD Robson
46.2%
D1 Run ScorersT Kohler-Cadmore
45.2%
Most Catches (Outfielder)T Kohler-Cadmore
45.2%
D2 Wicket TakersG Onions
43.6%
D2 Bowling AverageG Onions
43.6%
D1 Bowling AverageA Virdi
42.1%
Best Match FiguresA Virdi
42.1%
D2 Run ScorersAZ Lees
39.5%
Hint Player % Correct
D2 Wicket TakersBW Sanderson
37.9%
D2 Bowling AverageBW Sanderson
37.9%
Best Match FiguresBW Sanderson
37.9%
Best Match FiguresBW Sanderson
37.9%
D2 Run ScorersHassan Azad
37.6%
D2 Batting AverageHassan Azad
37.6%
D2 Bowling AverageMW Parkinson
37.6%
Most Catches (Outfielder)CJ Jordan
37.4%
D1 Batting AverageLA Dawson
36.7%
D2 Run ScorersRF Higgins
35.2%
D2 Batting AverageRF Higgins
35.2%
D2 Wicket TakersRF Higgins
35.2%
Highest ScoresRF Higgins
35.2%
D1 Wicket TakersHW Podmore
34%
D1 Wicket TakersME Milnes
33.1%
D2 Bowling AverageTJ Murtagh
32.1%
D1 Bowling AverageJH Davey
31.2%
D2 Wicket TakersCJC Wright
31%
Most Dismissals (WK)GH Roderick
30.7%
Most Catches (Outfielder)DKH Mitchell
30.7%
D1 Wicket TakersOJ Hannon-Dalby
29.8%
D2 Wicket TakersRJ Gleeson
29.3%
D1 Bowling AveragePM Siddle
26.2%
D2 Wicket TakersLM Reece
25.7%
D2 Bowling AverageLM Reece
25.7%
D2 Wicket TakersMG Hogan
23.1%
Best Match FiguresR Ashwin
22.9%
Most Catches (Outfielder)CN Ackermann
22.6%
D1 Bowling AverageKA Maharaj
21.4%
D2 Run ScorersTC Lace
20.7%
D2 Wicket TakersBA Raine
20%
Highest ScoresR Vasconcelos
18.6%
Most Dismissals (WK)EJH Eckersley
16.7%
D2 Batting AverageS van Zyl
16.4%
D2 Batting AveragePR Stirling
15.7%
D2 Batting AverageJJ Bohannon
15%
D2 Bowling AverageJC Tongue
13.3%
D2 Bowling AverageBA Hutton
9.8%
Most Catches (Outfielder)MH Wessels
9.3%
D2 Batting AverageKC Brathwaite
2.4%
Remove Ads.
Support Sporcle.
Get the best of Sporcle when you Go Orange. This ad-free experience offers more features, more stats, and more fun while also helping to support Sporcle. Thank you for becoming a member.

You're not logged in!

Compare scores with friends on all Sporcle quizzes.
OR
Log In

Show Comments

Extras

Top Quizzes Today


Score Distribution

Your Account Isn't Verified!

In order to create a playlist on Sporcle, you need to verify the email address you used during registration. Go to your Sporcle Settings to finish the process.

Report this User

Report this user for behavior that violates our Community Guidelines.

Details: